000 00521nas a2200205 a 4500
001 4970
003 CDMR
005 20151119132412.0
008 130130d19971999||||||||||||||||||||spa|d
040 _aCDMR
_bcat
_cCPC GIRONA
245 0 0 _aCuadernos del Madrid
260 _aMadrid
_bMadrid Diario de la Noche
260 _c1997-1999
300 _av.
310 _aIrregular
362 _aNúm. 1 (1997) - Núm. 4 (1999)
650 0 4 _93919
_aPeriodisme
_vRevistes
650 0 4 _94390
_aDiaris
_xHistòria
942 _cSER
_2udc
999 _c4970
_d4970